| 000 | 00901nam a2200265 a 4500 | ||
|---|---|---|---|
| 001 | BRCA_7057 | ||
| 005 | 20190321142923.0 | ||
| 008 | 031211s2010----u--a######---#000-0#eng-# | ||
| 020 | _a9780978821326 | ||
| 041 | _aeng | ||
| 044 | _au | ||
| 050 | 4 | _b.D87 2010 | |
| 100 | 1 |
_aDursum, Brian A. _92047 |
|
| 245 | 1 | 0 |
_aLowe Art Museum _bAspects of Asian Art _cBrian A. Dursum, Ruth Rosenwasser. |
| 260 |
_aChina _bLowe Art Museum, University of Miami _c2010 |
||
| 300 |
_a191 p. _bil. a color _c23 cm. |
||
| 500 | _aCátalogo de la colección permanente, Lowe Art Museum, Universidad de Miami | ||
| 500 | _aIncluye cronologías | ||
| 504 | _aBibliografía: 190-191 | ||
| 610 | 2 | 4 |
_aLowe Art Museum (Miami, Florida) _xColecciones de arte _917537 |
| 650 | 1 | 4 |
_aArte asiático _934 |
| 650 | 1 | 4 |
_aMuseos _vCátalogos _zMiami, Florida _917538 |
| 700 | 1 |
_aRosenwasser, Ruth _ecoaut. _917539 |
|
| 942 |
_2lcc _cB |
||
| 999 |
_c6738 _d6738 |
||